Reading Difficulties and Dyslexia: Essential Concepts and Programs for Improvement/ (Record no. 178574)

MARC details
000 -LEADER
fixed length control field 00700nam a22001937a 4500
005 - DATE AND TIME OF LATEST TRANSACTION
control field 20210406172534.0
010 ## - LCCN (DPL NO)
LC control number ENG-129377
020 ## - INTERNATIONAL STANDARD BOOK NUMBER
International Standard Book Number 978-93-5388-462-8
Terms of availability 650.00
035 ## - SYSTEM CONTROL NUMBER
System control number EN-112909
037 ## - SOURCE OF ACQUISITION
Source of stock number/acquisition DBAD/PUB
082 ## - DEWEY DECIMAL CLASSIFICATION NUMBER
Classification number 327.43
100 ## - MAIN ENTRY--PERSONAL NAME
Personal name Das, J. P
245 ## - TITLE STATEMENT
Title Reading Difficulties and Dyslexia: Essential Concepts and Programs for Improvement/
Statement of responsibility, etc J. P. Das
250 ## - EDITION STATEMENT
Edition statement updated
260 ## - PUBLICATION, DISTRIBUTION, ETC. (IMPRINT)
Place of publication, distribution, etc New Delhi
Name of publisher, distributor, etc Sage Publication India
Date of publication, distribution, etc 2020
270 ## - ADDRESS
Address B1/1-1 Mohan Cooperative Industrial Area Mathura Road
City New Delhi
Postal code 110044
300 ## - PHYSICAL DESCRIPTION
Extent xxvi+260p.
Dimensions 21cm(pbk)
Other physical details Including illustrations, tables, and bibliographical references.
942 ## - ADDED ENTRY ELEMENTS (KOHA)
Source of classification or shelving scheme Dewey Decimal Classification
Item type English Books
Classification part 333.70954
Call number suffix CRI
Holdings
Withdrawn status Lost status Not for loan Collection code Home library Current library Date acquired Source of acquisition Cost, normal purchase price Full call number Barcode Copy number Cost, replacement price Koha item type
      Non-fiction Bawana Bawana 06/04/2021 DBAD/PUB 650.00 333.70954 CRI EN-112909 1 650.00 English Books

© Delhi Public Library
Hit Counter
free hit counter